Etika odvrženého a morálka oběti: k pojetí lidství u Adorna, Butler a Améryho
Skúmanie ľudského a neľudského, ktoré vychádza z antropocentrického predpokladu. Spôsoby akými Adorno, Butler a Améry hovoria o začatí stať sa človekom, neschopnosti žiť ľudsky, neľudskosti a jej prepletenia s ľudstvom.
Salvato in:
| Autore principale: | |
|---|---|
| Natura: | Capitolo di libro |
| Lingua: | ceco |
| Soggetti: | |
| Tags: |
Nessun Tag, puoi essere il primo ad aggiungerne!!
|
MARC
| LEADER | 00000naa a2200000 4500 | ||
|---|---|---|---|
| 001 | 0193048 | ||
| 005 | 20231211125706.7 | ||
| 041 | 0 | |a cze | |
| 044 | |a SK | ||
| 245 | 1 | 0 | |a Etika odvrženého a morálka oběti: k pojetí lidství u Adorna, Butler a Améryho |c Alice Koubová |
| 520 | |a Skúmanie ľudského a neľudského, ktoré vychádza z antropocentrického predpokladu. Spôsoby akými Adorno, Butler a Améry hovoria o začatí stať sa človekom, neschopnosti žiť ľudsky, neľudskosti a jej prepletenia s ľudstvom. | ||
| 610 | 2 | 0 | |a filozofia |
| 610 | 2 | 0 | |a smery filozofické |
| 610 | 2 | 0 | |a metódy poznania |
| 610 | 2 | 0 | |a humanizmus |
| 610 | 2 | 0 | |a hodnota |
| 610 | 2 | 0 | |a smery etické |
| 610 | 2 | 0 | |a morálka |
| 100 | 1 | |a Koubová, Alice | |